Responses for show #7981 - Monday, April 29, 2019

James Holzhauer game 18.

Contestants

Adam Levin, a sports information director from Ashland, Massachusetts

Jasmine Leonas, a social media specialist from Chicago, Illinois

James Holzhauer, a professional sports gambler from Las Vegas, Nevada (whose 17-day cash winnings total $1,275,587)

Jeopardy! Round responses

WAIT, SOMETHING'S "OFF"
PUP CULTURE
MOVIE STORES
LODGEPODGE
POTENT PORTABLES
BREAKS & LIVERS
    $200 14
layoff

James
    $200 17
toy

James
    $200 27
Bridesmaids

James
    $200 28
Kurt Russell

Adam
    $200 29
Alexa

James
    $200 30
a clavicle (or collarbone)

Adam
    $400 25
(Alex: Less than a minute now.)

a knockoff

Adam
    $400 26
a collie

Jasmine
    $400 20
Mr. Magorium

James
    $400 10
Nixon

James
    $400 24
a speaker

James
    $400 23
bile

Adam
    $600 18
a walk-off

James
    $600 16
a malamute

Adam
    $600 19
40-Year-Old Virgin

Jasmine
    $600 9
room and board

Adam
    $600 21
solar panels

James
    $600 22
osteoporosis

James
    $800 13
(beef) stroganoff

Adam
    $800 15
a pointer

Jasmine
    $800 6
Gremlins

James
    $800 8
beavers

Adam
    $800 11
Dell

James
    $800 12
jaundice

James
    $1000 5
a write-off

Jasmine
    $1000 7
Chesapeake Bay

Jasmine
    $1000 4
Jimmy Stewart

Triple Stumper
    $1000 3
a sweat lodge

James
    $1000 2
solid state

Adam
    $1,000 1
(James: What is the pulmonary?)

the hepatic

James

Scores at the first commercial break (after clue 15):

James Jasmine Adam
$3,000 $2,800 $3,200

Scores at the end of the Jeopardy! Round:

James Jasmine Adam
$6,200 $3,800 $5,000

Double Jeopardy! Round responses

STATE OF THE STATE PARK
ALLITERATIVE PHRASES
FACTS ABOUT POETS
WHEELY GOOD
CONTROVERSIAL TV
THE SPANISH CIVIL WAR
    $400 25
California

James
    $400 26
a pen pal

Adam
    $400 29
Dante

Adam
    $400 30
666

Adam
    $400 24
24

Jasmine
    $400 23
Morocco

James
    $800 12
Arizona

Jasmine
    $800 21
judge and jury

Adam
    $800 22
(Allen) Ginsberg

James
    $800 18
Ferris

Adam
    $800 2
The Conners

James
    $800 7
Guernica

Adam
    $1200 9
Nebraska

James
    $1200 13
fair or foul

James
    $10,117 14
(James: [Wagering] Vegas strong. $10,117.)

Beowulf

James
    $1200 16
Hot Wheels

James
    $1200 1
Sacha Baron Cohen

Jasmine
    $1200 3
generalissimo

Adam
    $1600 10
Virginia

Jasmine
    $1600 19
the language of love

Adam
    $1600 28
Joyce Kilmer

James
    $1600 15
the crankshaft

Adam
    $1600 4
Honey Boo Boo

James
    $1600 5
the Abraham Lincoln battalion

Triple Stumper
    $2000 11
New Hampshire

Adam
    $12,000 20
(Alex: [After Adam's correct response] We've got a game.)

a false flag

Adam
    $2000 27
Edna St. Vincent Millay

James
    $2000 17
Catherine

James
    $2000 8
Smothers

James
    $2000 6
Garcia Lorca

James

Scores at the end of the Double Jeopardy! Round:

James Jasmine Adam
$33,517 $7,800 $27,000

[wagering suggestions for these scores]

Final Jeopardy! Round responses

ORGANIZATIONS
JasmineWhat is the Legion of Honor?
$0
AdamWhat is a Chamber of Commerce?
$26,999
JamesWhat is chamber of commerce
$20,500
a chamber of commerce

Final scores:

James Jasmine Adam
$54,017 $7,800 $53,999
18-day champion: $1,329,604 3rd place: $1,000 2nd place: $2,000

Game dynamics:

Coryat scores:

James Jasmine Adam
$25,600 $7,800 $17,000
28 R
(including 1 DD),
1 W
(including 1 DD)
9 R,
0 W
20 R
(including 1 DD),
0 W

Combined Coryat: $50,400

The J! Archive is created by fans, for fans. The Jeopardy! game show and all elements thereof, including but not limited to copyright and trademark thereto, are the property of Jeopardy Productions, Inc. and are protected under law. This website is not affiliated with, sponsored by, or operated by Jeopardy Productions, Inc. Join the discussion at JBoard.tv.